In Search of Quality Management : Rethinking and Reinterpreting.

Bibliographic Details
Main Author: Kroslid, Dag.
Format: eBook
Language:English
Published: Linköping : Linkopings Universitet, 2021.
Edition:1st ed.
Series:Linköping Studies in Science and Technology. Dissertations Series
Subjects:
Online Access:Click to View
LEADER 01935nam a22003733i 4500
001 EBC30229664
003 MiAaPQ
005 20240729202204.0
006 m o d |
007 cr cnu||||||||
008 240729s2021 xx o ||||0 eng d
020 |a 9789172195073  |q (electronic bk.) 
035 |a (MiAaPQ)EBC30229664 
035 |a (Au-PeEL)EBL30229664 
035 |a (OCoLC)1378933649 
040 |a MiAaPQ  |b eng  |e rda  |e pn  |c MiAaPQ  |d MiAaPQ 
100 1 |a Kroslid, Dag. 
245 1 0 |a In Search of Quality Management :  |b Rethinking and Reinterpreting. 
250 |a 1st ed. 
264 1 |a Linköping :  |b Linkopings Universitet,  |c 2021. 
264 4 |c {copy}1999. 
300 |a 1 online resource (163 pages) 
336 |a text  |b txt  |2 rdacontent 
337 |a computer  |b c  |2 rdamedia 
338 |a online resource  |b cr  |2 rdacarrier 
490 1 |a Linköping Studies in Science and Technology. Dissertations Series ;  |v v.590 
505 0 |a Intro -- Foreword -- ACKNOWLEDGEMENTS -- CONTENTS -- 1. Introduction -- 2. RESEARCH QUESTIONS -A Discussion on Answers -- 3. SUMMAY OF DISSERTATION COMMENTS AND REFLECTIONS -- 3.3.7 Is the dual-path framework a result of a circular argument? -- 4. Research Experience and Recommendation for Future Reserach -- References -- Paper A -- Paper B -- Paper C. 
588 |a Description based on publisher supplied metadata and other sources. 
590 |a Electronic reproduction. Ann Arbor, Michigan : ProQuest Ebook Central, 2024. Available via World Wide Web. Access may be limited to ProQuest Ebook Central affiliated libraries.  
655 4 |a Electronic books. 
776 0 8 |i Print version:  |a Kroslid, Dag  |t In Search of Quality Management  |d Linköping : Linkopings Universitet,c2021 
797 2 |a ProQuest (Firm) 
830 0 |a Linköping Studies in Science and Technology. Dissertations Series 
856 4 0 |u https://ebookcentral.proquest.com/lib/matrademy/detail.action?docID=30229664  |z Click to View